Statistics for Obscure but true history facts

Click here to take the quiz!

General Stats

  • This quiz has been taken 46 times
  • The average score is 5 of 10

Answer Stats

HintAnswer% Correct
Name one of the participants of the shortest war in history?UK / Zanzibar
85%
The War of the bucket was fought in which modern day country?Italy
62%
Which country's prime minister shat themselves in a McDonalds?Australia
56%
Hong Xiuquan (1814-1864) was the self proclaimed what?Younger brother of Jesus Christ
54%
When did Nigeria become independent?1960
44%
Who had the 6th largest navy in 1989?Pepsico
44%
Jack Churchill brought what to the beaches of Normandy in 1944?A sword
38%
What helped contribute towards the bronze age collapse?Invasion of Sea peoples
31%
What was notable about the An Lushan Rebellion?20-30,000 civilians were eaten
23%
How many people died in the Taiping Rebellion?30-50 million
23%

Score Distribution

Percentile by Number Answered

Percent of People with Each Score

Your Score History

You have not taken this quiz